000 00450nam a22001937a 4500
003 OSt
005 20220126152749.0
008 220126b |||||||| |||| 00| 0 eng d
020 _a0132383519
040 _cHU
050 _a8ED
082 _2Hall
_aJapan
100 _aFloyd
_924609
245 _aPrinciples Of Electric Circuits Conventional Current Version
250 _a8ed
260 _aHALL
_bHALL
300 _f948
942 _2ddc
_cBOOKS
_n0
999 _c28012
_d28012